| 000 | 00548nam a2200193Ia 4500 | ||
|---|---|---|---|
| 005 | 20250508153811.0 | ||
| 008 | 008 250505s9999 xx 000 0 eng d | ||
| 037 | _aPeriodicals | ||
| 040 |
_aFEDL _beng _cFEDL |
||
| 041 |
_aeng _2eng |
||
| 084 |
_a370.9624, GRI _qFEDL |
||
| 100 |
_aGriffiths V L _9139519 |
||
| 245 | 0 | _aExperiment in education | |
| 260 |
_aLondon, UK _bLongmans, Green and Co. _c1953 |
||
| 300 | _axv,160p | ||
| 650 |
_aEducation - Sudan _9758561 |
||
| 942 |
_cCR _h370.9624, GRI |
||
| 999 |
_c1345566 _d1345566 |
||